<?xml version="1.0" encoding="UTF-8"?>
<marc:record xmlns:marc="http://www.loc.gov/MARC21/slim">
   <marc:leader>00000nam a2200000 a 4500</marc:leader>
   <marc:datafield ind1="1" ind2=" " tag="100">
      <marc:subfield code="a">Flammang, Sina</marc:subfield>
      <marc:subfield code="4">aut</marc:subfield>
      <marc:subfield code="e">Verfasser/-in</marc:subfield>
   </marc:datafield>
   <marc:datafield ind1=" " ind2=" " tag="653">
      <marc:subfield code="a">ab 10 Jahren</marc:subfield>
   </marc:datafield>
   <marc:datafield ind1=" " ind2=" " tag="653">
      <marc:subfield code="a">Vampire</marc:subfield>
   </marc:datafield>
   <marc:datafield ind1=" " ind2=" " tag="653">
      <marc:subfield code="a">Kinderbuch</marc:subfield>
   </marc:datafield>
   <marc:datafield ind1="0" ind2="0" tag="245">
      <marc:subfield code="a">Meine schlimmste Geschichte aller Zeiten!!!  - 3 - Tagebuch einer Vampirin</marc:subfield>
   </marc:datafield>
   <marc:datafield ind1="0" ind2="0" tag="245">
      <marc:subfield code="b">Mit Illustrationen von Kathrin Rödl</marc:subfield>
   </marc:datafield>
   <marc:datafield ind1="0" ind2="0" tag="245">
      <marc:subfield code="c">Flammang, Sina</marc:subfield>
   </marc:datafield>
   <marc:datafield ind1=" " ind2="1" tag="264">
      <marc:subfield code="a">Würzburg</marc:subfield>
      <marc:subfield code="b">Arena</marc:subfield>
      <marc:subfield code="c">2026</marc:subfield>
   </marc:datafield>
   <marc:datafield ind1="1" ind2=" " tag="490">
      <marc:subfield code="a">Tagebuch einer Vampirin</marc:subfield>
      <marc:subfield code="v">3</marc:subfield>
   </marc:datafield>
   <marc:datafield ind1="1" ind2=" " tag="520">
      <marc:subfield code="a">Ich glaub, ich werd’ zum Vampir! Eine Vampirin wider Willen erzählt in ihrem gruselguten (und gar nicht schlimmen!!!) Tagebuch ab 10 von den Problemen, die ihre Verwandlung mit sich bringt.&#xD;
Vampirschiff ahoi! Die Suche nach ihrer verschollenen Mutter führt die frischgebissene Vampirin Hester van Helsing auf ein Kreuzfahrtschiff. Doch irgendwie ist hier alles ganz anders als sie sich das vorgestellt hat: Obwohl sie nur ein kleines bisschen gegen die Schiffsregeln verstoßen hat, wird Hester sofort in den Benimmunterricht verfrachtet. Außerdem verfolgt sie ein rachsüchtiger Flaschengeist, unter Deck halten sich äußerst lichtscheue Gäste auf und NATÜRLICH braut sich ein brodelnder Jahrhundertsturm über der MS Desaster zusammen. Und dann ist auch noch Hesters komplette Vampirjäger-Familie mit an Bord! Wie soll sie denn in Ruhe den Hinweisen auf ihre Mutter nachgehen, wenn sie die ganze Zeit so tun muss, als wäre sie ein Mensch? Als ein besonders höflicher Jung-Vampir ihr seine Hilfe anbietet, ist Hester erst misstrauisch. Doch irgendwie ist der ja schon ganz süß … Ob sie mit seiner Unterstützung endlich herausfinden kann, was wirklich mit ihrer Mutter passiert ist? &#xD;
Schule, Familienstress und BFF: In Hesters unsterblich witzigen Tagebüchern steckt alles drin, was Abwechslung ins Leben bringt. In vielen Skizzen, Steckbriefen und Listen erfahren Leser und Leserinnen ab 10 alles über Vampire, Teenager und andere fantastische Wesen. Superlustig zweifarbig illustriert und gestaltet von Kathrin Rödl. Für alle Fans von Wednesday, Hotel Transsilvanien und Emma Flint.</marc:subfield>
   </marc:datafield>
   <marc:datafield ind1=" " ind2=" " tag="020">
      <marc:subfield code="a">9783401607801</marc:subfield>
      <marc:subfield code="9">9783401607801</marc:subfield>
   </marc:datafield>
   <marc:datafield ind1=" " ind2=" " tag="020">
      <marc:subfield code="a">3401607804</marc:subfield>
      <marc:subfield code="9">3401607804</marc:subfield>
   </marc:datafield>
   <marc:datafield ind1=" " ind2=" " tag="041">
      <marc:subfield code="a">ger</marc:subfield>
   </marc:datafield>
   <marc:datafield ind1=" " ind2=" " tag="300">
      <marc:subfield code="b">Mit UV-Lackierung auf dem Cover</marc:subfield>
   </marc:datafield>
   <marc:datafield ind1="0" ind2=" " tag="490">
      <marc:subfield code="v">3</marc:subfield>
   </marc:datafield>
   <marc:datafield ind1="1" ind2=" " tag="521">
      <marc:subfield code="a">ab 10 Jahren</marc:subfield>
   </marc:datafield>
   <marc:datafield ind1=" " ind2=" " tag="338">
      <marc:subfield code="a">Band</marc:subfield>
   </marc:datafield>
   <marc:datafield ind1=" " ind2=" " tag="300">
      <marc:subfield code="a">245 Seiten</marc:subfield>
   </marc:datafield>
</marc:record>
